| 000 | 01022nam a22003857a 4500 | ||
|---|---|---|---|
| 001 | BR2011001634 | ||
| 003 | BR-BrBNA | ||
| 005 | 20230928103624.0 | ||
| 007 | ta | ||
| 008 | 230509b bl.||||| |||| 00| 0 por d | ||
| 040 |
_aBR-BrBNA _bpor _cBiblioteca Nacional de Agricultura |
||
| 041 | _a(Por) | ||
| 072 |
_aH10 _b4030 |
||
| 090 | _ 4030 BR2011001634 | ||
| 100 | 1 | _aYamamoto, P.T. | |
| 245 | 1 | _aÁcaros de importância secundária e predadores de ocorrência no agroecossistema citrícola | |
| 300 | _a24 p. | ||
| 500 | _a8 ref.; | ||
| 650 | _aÁCARO BRANCO | ||
| 650 | _aÁCARO DAS GEMAS | ||
| 650 | _aÁCARO PÚRPUREO | ||
| 650 | _aBROCA | ||
| 650 | _aTETRANICHIDAE | ||
| 650 | _aCOCHONILHA | ||
| 650 | _aPERCEVEJO | ||
| 650 | _aMOSCA DAS FRUTAS | ||
| 650 | _aMARIPOSA DAS LARANJAS | ||
| 650 | _aJOANINHA | ||
| 650 | _aPRAGA DE PLANTA | ||
| 650 | _aÁCARO DA FALSA FERRUGEM | ||
| 650 | _aCONTROLE QUÍMICO | ||
| 650 | _aSINTOMA | ||
| 909 |
_a202309 _bLucia _c55 _dLucia Elande |
||
| 942 | _cBK | ||
| 999 |
_c75850 _d75850 |
||